Before or After: First Moon Landing Quiz Stats

 Plays Quiz Updated Oct 24, 2018

Score 0/24 Timer 06:00
0 Plays Today
Historical event (B)efore or (A)fter % Correct
John F. Kennedy wins presidency???
88.3%
Bill Gates and Paul Allen found the Microsoft corporation???
84.5%
Martin Luther King, Jr. is assassinated???
81.2%
The United States celebrates its Bicentennial???
79.8%
Julie Andrews wins Best Actress for her role as Mary Poppins???
77.7%
First Super Bowl is played in Los Angeles???
76.1%
Supreme Court rules on Roe v. Wade legalizing abortion???
72.6%
Winston Churchill dies???
70.8%
The Doors' lead singer Jim Morrison dies in Paris???
69.5%
Bobby Fischer defeats Boris Spassky to become world chess champion???
68.1%
First LASER is demonstrated???
66.6%
First mobile telephone call was made???
66.6%
Historical event (B)efore or (A)fter % Correct
'The Ed Sullivan Show' airs its final episode???
64.5%
Ernest Hemingway dies???
63.8%
'Let It Be,' the Beatles' final album, is released???
63.5%
'60 Minutes' premieres on CBS???
61.6%
Tet Offensive launched by Vietcong???
61.3%
Mario Puzo's novel 'The Godfather' is published???
57.3%
Led Zeppelin's debut album is released in the U.S.???
56.7%
Nolan Ryan makes his MLB debut???
52%
Mexico City hosts its first FIFA World Cup???
50.8%
Woodstock music festival???
45.4%
World's first successful human-to-human heart transplant???
42.3%
The Aswan High Dam is completed in Egypt???
41.3%

You're not logged in!

Compare scores with friends on all Sporcle quizzes.
OR
Log In

Sporcle TV

Today on Sporcle TV


Watch our educational content, quiz creation guides, and fun videos on Sporcle TV.

Show Comments

Extras

Top Quizzes Today


Score Distribution

Your Account Isn't Verified!

In order to create a playlist on Sporcle, you need to verify the email address you used during registration. Go to your Sporcle Settings to finish the process.

Report this User

Report this user for behavior that violates our Community Guidelines.

Details: